000 00517nam a2200169Ia 4500
008 240729s9999 xx 000 0 und d
022 _a1687-8329
245 4 _aThe Egyptian Journal of Neurology, Psychiatry and Neurosurgery
260 _aUnited Kingdom
260 _bSpringerOpen
650 _a Internal medicine
650 _a Neurosciences. Biological psychiatry. Neuropsychiatry
650 _aMedicine
856 _uhttps://doaj.org/toc/bf18d8f67141470ea3c9b1aa29e4ba0f
942 _2ddc
942 _cDOAJEJ
999 _c73332
_d73332
945 _a1
_bMadushi Gamage
_c1
_dMadushi Gamage